| 000 | 00643nam a2200181 a 4500 | ||
|---|---|---|---|
| 001 | 000015501 | ||
| 005 | 20200929164045.0 | ||
| 008 | 100211s2009 dr 000 0 spa d | ||
| 020 | _a9789945163179 | ||
| 040 |
_aDO-SdBNP _bspa _cBNPHU |
||
| 082 |
_axxxx _bR426d |
||
| 245 | 0 | 0 |
_aRepública Dominicana : _bun modelo de control interno / _cpresentación Simón Lizardo Mézquita. |
| 260 |
_aSanto Domingo : _bContraloría General de la República Dominicana, _c2009. |
||
| 300 |
_a66 p. ; _c21 cm. |
||
| 500 | _aIncluye referencias bibliográficas y notas al pie de las páginas | ||
| 504 | _aIncluye bibliografías (p. 59-62) | ||
| 049 | _aBNPD | ||
| 999 |
_c15057 _d15057 |
||